000 00406nam a2200157Ia 4500
008 230917s9999||||xx |||||||||||||| ||und||
040 _e180496
_aMAIN
041 _aEnglish
082 _a510.2462 P853A(3)
100 _aPotter, Marle C
245 0 _aAdvanced engineering mathematics
250 _a3rd ed.
260 _aNew Delhi
_bOxford University Press
_c2005
300 _axii, 739 p.
942 _cBK
999 _c157920
_d157920